<?xml version="1.0" encoding="UTF-8"?>
<record
    xmlns:xsi="http://www.w3.org/2001/XMLSchema-instance"
    xsi:schemaLocation="http://www.loc.gov/MARC21/slim http://www.loc.gov/standards/marcxml/schema/MARC21slim.xsd"
    xmlns="http://www.loc.gov/MARC21/slim">

  <leader>00551    a2200181   4500</leader>
  <datafield tag="952" ind1=" " ind2=" ">
    <subfield code="0">0</subfield>
    <subfield code="1">0</subfield>
    <subfield code="2">ddc</subfield>
    <subfield code="4">0</subfield>
    <subfield code="7">0</subfield>
    <subfield code="8">DATA</subfield>
    <subfield code="a">MES</subfield>
    <subfield code="b">MES</subfield>
    <subfield code="c">COMP</subfield>
    <subfield code="d">2022-07-25</subfield>
    <subfield code="e">51</subfield>
    <subfield code="g">112.50</subfield>
    <subfield code="l">1</subfield>
    <subfield code="o">658.83 ALF/D</subfield>
    <subfield code="p">41497</subfield>
    <subfield code="r">2025-02-18 12:50:50</subfield>
    <subfield code="s">2025-02-04</subfield>
    <subfield code="t">1</subfield>
    <subfield code="v">150.00</subfield>
    <subfield code="w">2022-07-25</subfield>
    <subfield code="y">BK</subfield>
    <subfield code="z">GL33R3</subfield>
  </datafield>
  <datafield tag="952" ind1=" " ind2=" ">
    <subfield code="0">0</subfield>
    <subfield code="1">0</subfield>
    <subfield code="2">ddc</subfield>
    <subfield code="4">0</subfield>
    <subfield code="7">0</subfield>
    <subfield code="8">DATA</subfield>
    <subfield code="a">MES</subfield>
    <subfield code="b">MES</subfield>
    <subfield code="c">COMP</subfield>
    <subfield code="d">2022-07-25</subfield>
    <subfield code="e">51</subfield>
    <subfield code="g">112.50</subfield>
    <subfield code="l">0</subfield>
    <subfield code="o">658.83 ALF/D</subfield>
    <subfield code="p">41499</subfield>
    <subfield code="r">2022-07-25 00:00:00</subfield>
    <subfield code="t">3</subfield>
    <subfield code="v">150.00</subfield>
    <subfield code="w">2022-07-25</subfield>
    <subfield code="y">BK</subfield>
    <subfield code="z">GL33R3</subfield>
  </datafield>
  <datafield tag="952" ind1=" " ind2=" ">
    <subfield code="0">0</subfield>
    <subfield code="1">0</subfield>
    <subfield code="2">ddc</subfield>
    <subfield code="4">0</subfield>
    <subfield code="7">0</subfield>
    <subfield code="8">DATA</subfield>
    <subfield code="a">MES</subfield>
    <subfield code="b">MES</subfield>
    <subfield code="c">COMP</subfield>
    <subfield code="d">2022-07-25</subfield>
    <subfield code="e">51</subfield>
    <subfield code="g">112.50</subfield>
    <subfield code="l">0</subfield>
    <subfield code="o">658.83 ALF/D</subfield>
    <subfield code="p">41498</subfield>
    <subfield code="r">2022-07-25 00:00:00</subfield>
    <subfield code="t">2</subfield>
    <subfield code="v">150.00</subfield>
    <subfield code="w">2022-07-25</subfield>
    <subfield code="y">BK</subfield>
    <subfield code="z">GL33R3</subfield>
  </datafield>
  <datafield tag="999" ind1=" " ind2=" ">
    <subfield code="c">41483</subfield>
    <subfield code="d">41483</subfield>
  </datafield>
  <controlfield tag="003">OSt</controlfield>
  <controlfield tag="005">20220723114207.0</controlfield>
  <controlfield tag="008">220723b           ||||| |||| 00| 0 eng d</controlfield>
  <datafield tag="020" ind1=" " ind2=" ">
    <subfield code="a">9789390538140</subfield>
  </datafield>
  <datafield tag="040" ind1=" " ind2=" ">
    <subfield code="c">oclc</subfield>
  </datafield>
  <datafield tag="082" ind1=" " ind2=" ">
    <subfield code="a">658.83</subfield>
    <subfield code="b">ALF/D</subfield>
  </datafield>
  <datafield tag="100" ind1=" " ind2=" ">
    <subfield code="9">9051</subfield>
    <subfield code="a">Alfan, Mohammed</subfield>
  </datafield>
  <datafield tag="245" ind1=" " ind2=" ">
    <subfield code="a">Data analytics </subfield>
    <subfield code="b">for beginners ...pivot to the rescue /</subfield>
    <subfield code="c">Mohammed Alfan</subfield>
  </datafield>
  <datafield tag="250" ind1=" " ind2=" ">
    <subfield code="a">1st ed</subfield>
  </datafield>
  <datafield tag="260" ind1=" " ind2=" ">
    <subfield code="a">Kerala:</subfield>
    <subfield code="b">Skills to succeed by ALFan,</subfield>
    <subfield code="c">2020.</subfield>
  </datafield>
  <datafield tag="300" ind1=" " ind2=" ">
    <subfield code="a">80 pages</subfield>
  </datafield>
  <datafield tag="942" ind1=" " ind2=" ">
    <subfield code="2">ddc</subfield>
    <subfield code="c">BK</subfield>
    <subfield code="h">001.422</subfield>
    <subfield code="i">ALF/D</subfield>
    <subfield code="k">001.422</subfield>
    <subfield code="m">ALF/D</subfield>
  </datafield>
</record>
